00881 a2200181 4500003000500000005001700005020001500022040000900037082001700046100003000063245007100093260003300164300001000197505032300207942002600530999001900556952012400575Nust20230331093506.0 a1850514674 cNust a808.8992,PER aParrault, Charles9111628 aThe best book of fairy tales / cCharles Parraul & Madame d'Aulnoy aLondonbTreasure Pressc1988 a214 p aLittle Red Riding Hood (Page-6), Cinderella (Page-10), Tom Thumb (Page-21), The Sleeping Beauty (Page-36), Puss in Boots (Page-51), The Fairy (Page-57), Donkey Skin (Page-62), The Prince with the Tuft (Page-82), Blue Bread (Page-92), The Blue Bird (Page-100), The Yellow Dwarf (Page-138), The Green Serpent (Page-169). 2ddccBKk808.8992,PER c191020d191020 00102ddc4070aMCSbMCScFICd2016-12-12o808.8992,PERpMCS2079r2016-12-08w2016-12-12yBKzAlmirh No 75, Shelf No 4